Library of the University of Algiers 3
Ibrahim Sultan Cheibout
شعار جامعة الجزائر 3
مكتبة جامعة الجزائر 3
إبراهيم سلطان شيبوط

جغرافية العمران الريفي : (رقم التسجيلة. 42850)

تفاصيل مارك
000 -LEADER
fixed length control field 01507nam a2200217Ia 4500
003 - CONTROL NUMBER IDENTIFIER
control field Ost
005 - DATE AND TIME OF LATEST TRANSACTION
control field 20260507075109.0
008 - FIXED-LENGTH DATA ELEMENTS--GENERAL INFORMATION
fixed length control field 260507s9999||||xx |||||||||||||| ||und||
040 ## - CATALOGING SOURCE
Transcribing agency fsecg
041 ## - LANGUAGE CODE
Language code of text/sound track or separate title ara
082 ## - DEWEY DECIMAL CLASSIFICATION NUMBER
Classification number 330
100 ## - MAIN ENTRY--PERSONAL NAME
Personal name الشريعي، احمد البدوي محمد
Relator term مؤلف
245 #0 - TITLE STATEMENT
Title جغرافية العمران الريفي :
Remainder of title بحوث تطبيقية /
Statement of responsibility, etc. احمد البدوي محمد الشريعي
260 ## - PUBLICATION, DISTRIBUTION, ETC.
Place of publication, distribution, etc. القاهرة:
Name of publisher, distributor, etc. دار الفكر العربي,
Date of publication, distribution, etc. 1996
300 ## - PHYSICAL DESCRIPTION
Extent 232 صفحة؛
Other physical details ارجاعات بيبليوغرافية ، ملاحق وجداول
Dimensions 24 سم
520 ## - SUMMARY, ETC.
Summary, etc. يعد هذا الكتاب من الدراسات الرائدة التي تهتم بقضايا العمران الريفي في المنطقة العربية وان كان قد سبقته بعض الدراسات في نفس المجال الا منهجية الدراسة واسلوب المعالجة وطريقة الطرح في هذه البحوث جاءت مختلفة كثيرا عما سبقتها فعلى الرغم من أن للعمران الريفي الضوء على تباين انماط الحية الإقتصادية الريفية وأثر ذلك على البنية العمرانية في بعض البلاد الوطن العربي كان اهم اسباب كتابة هته البحوث.
653 ## - INDEX TERM--UNCONTROLLED
Uncontrolled term الجغرافيا البشرية
653 ## - INDEX TERM--UNCONTROLLED
Uncontrolled term الحياة الريفية
653 ## - INDEX TERM--UNCONTROLLED
Uncontrolled term عمران ريفي - جغرافيا
942 ## - ADDED ENTRY ELEMENTS (KOHA)
Koha item type كتب
المقتنيات
Withdrawn status Lost status Source of classification or shelving scheme Damaged status Not for loan Home library Current library Date acquired Serial enumeration / chronology Inventory number Total checkouts Full call number Barcode Date last seen Price effective from Koha item type
    Dewey Decimal Classification   NOT LOAN / إعارة داخلية مكتبة كلية العلوم الإقتصادية والعلوم التجارية وعلوم التسيير مكتبة كلية العلوم الإقتصادية والعلوم التجارية وعلوم التسيير 07/05/2026 الطابق الأرضي 1429/1   أ/1429ن1 1429/1 07/05/2026 07/05/2026 كتب

موارد الويب المفتوحة


© University of Algiers 3 All Rights Reserved
|
Implemented by LECHELAH Riad